00869nam a22001697a 4500008004100000020001500041050002800056245029100084260004400375300002300419440003600442700002800478800003200506942001200538999001600550952013300566180815b xxu||||| |||| 00| 0 eng d a0406091412 aKD277.7.L39( 1880-8111) aThe Reports (1880-81 vol.6): Cases determined by the Queen's Bench Division and by the Common pleas and exchequer divisions of the high court of justice,and by the court of appeal on appeal therefrom, and by the court for crown cases reserved. /cEdited by : James Redfoord Bulwer, Q.C. aLondon:bButterworth and Co LTD.c1881. axxi,718p. :c24cm. pQueen's Bench Division.vvol.6. aBulwer, James Redfoord  aJames Redfoord Bulwer, Q.C. 2lcccBK c6669d14169 00102lcc4070aWIUC-1bWIUC-1cLLd2018-08-15l0oKD277.7.L39( 1880-8111)p1842/829/14r2018-08-15 00:00:00t1w2018-08-15yBK